| 000 | 00838nam a2200217Ia 4500 | ||
|---|---|---|---|
| 008 | 0000002012 usad 0000000000eng00 | ||
| 020 | _a9780897974400 | ||
| 090 | _aPUS00 E77n | ||
| 100 | 1 |
_aEstes, Richard _d1932 |
|
| 245 | 1 | 0 |
_aNew York by night _c/ Richard Estes ; photography Bill Orcutt |
| 300 |
_a32 p. _c/ 25 cm. |
||
| 500 | _aExposición realizada en Marlborough GalerÃa de Nueva York entre el 20 de septiembre y el 20 de octubre de 2012 | ||
| 600 | 0 | 0 |
_a ESTES, RICHARD, 1932/ _xTRABAJOS PICTORICOS |
| 650 | 1 | 4 | _aARTE CONTEMPORANEO ESTADOUNIDENSE |
| 650 | 1 | 4 | _xCATALOGOS |
| 650 | 1 | 4 | _xEXPOSICIONES |
| 650 | 1 | 4 | _aPINTORES ESTADOUNIDENSES |
| 650 | 1 | 4 | _aPINTURA ESTADOUNIDENSE |
| 651 |
_a5. NEW YORK (ESTADOS UNIDOS) EN LA PINTURA/ _xEXPOSICIONES/ _xCATALOGOS |
||
| 999 |
_c14684 _d14684 |
||
| 260 |
_aNew York : Marlborough _c2012 |
||